000 00299nam a22001337a 4500
008 171013b xxu||||| |||| 00| 0 eng d
020 _a9780471714316
041 _aeng
080 _a316
100 _a51
101 _aSOC
245 _aHANDBOOK OF HEALTH SOCIAL WORK
_cGEHLERT,S
942 _2udc
_cBK
999 _c33784
_d33784